Statystyki dla Największe miasta Polski w 2035

Kliknij tutaj aby rozwiązać quiz!

Ogólne statystyki

  • Ten quiz został rozwiązany 5 492 razy
  • Średni wynik to 23 z 33

Statystyki odpowiedzi

Ludność 2035Miasto% Poprawnych
1 880 621Warszawa
100%
769 095Kraków
98%
432 034Gdańsk
95%
609 943Wrocław
95%
577 831Łódź
93%
489 522Poznań
93%
230 022Gdynia
90%
383 917Szczecin
90%
248 455Katowice
88%
287 818Białystok
87%
305 063Lublin
85%
284 303Bydgoszcz
84%
172 549Toruń
82%
189 198Rzeszów
79%
112 060Zielona Góra
74%
157 856Kielce
72%
201 180Radom
71%
180 846Olsztyn
70%
109 753Opole
69%
193 020Częstochowa
68%
160 809Sosnowiec
67%
118 263Gorzów Wielkopolski
64%
167 938Gliwice
61%
150 736Zabrze
61%
108 328Chorzów
47%
116 935Płock
47%
156 632Bielsko-Biała
43%
143 671Bytom
42%
110 519Elbląg
41%
101 128Tychy
35%
129 560Rybnik
32%
109 803Dąbrowa Górnicza
31%
121 944Ruda Śląska
27%

Rozkład punktacji

Percentyl według liczby udzielonych odpowiedzi

Procent ludzi z każdym wynikiem

Twoja historia wyników

Nie rozwiązałeś tego quizu